Journey to a war /

Guardat en:
Dades bibliogràfiques
Autor principal: Auden, W. H. (Wystan Hugh), 1907-1973
Altres autors: Isherwood, Christopher, 1904-
Format: Llibre
Idioma:English
Publicat: Lond. : Faber, 1939.
Matèries:
LEADER 00892nam a22002411u 4500
001 c000342244
003 CARM
005 00000000000000.0
008 851029s1939 enka 00000 eng d
019 1 |a 3408290  |z 28232430  |5 LACONCORD2021 
035 |a (OCoLC)3431073  |5 LACONCORD2021 
040 |d SUA 
100 1 |a Auden, W. H.  |q (Wystan Hugh),  |d 1907-1973. 
245 1 0 |a Journey to a war /  |c by W.H.Auden and C.Isherwood. 
260 |a Lond. :  |b Faber,  |c 1939. 
300 |a 301 p. :  |b map. ;  |c 23 cm. 
650 0 |a Sino-Japanese Conflict, 1937-1945. 
651 0 |a China  |x Description and travel. 
700 1 |a Isherwood, Christopher,  |d 1904- 
852 8 |b CARM  |h A1:AN19B0  |i B08645  |p 0416141  |f BK 
082 0 4 |a 951.042 
999 f f |i 7687abdb-a7bd-54ce-8ed3-327bb2af6d79  |s 629e1782-d0e3-5121-8503-8c4f97c1bd51 
952 f f |p Can circulate  |a CAVAL  |b CAVAL  |c CAVAL  |d CARM 1 Store  |e B08645  |f A1:AN19B0  |h Other scheme  |i book  |m 0416141